Gimnasia mental 6: actividades prácticas para liberar la Inteligencia creativa almacenada, primaria
Guardat en:
| Autor principal: | |
|---|---|
| Format: | Llibre |
| Idioma: | espanyol |
| Publicat: |
Ciudad de México
Trillas
2000
|
| Matèries: | |
| Etiquetes: |
Afegir etiqueta
Sense etiquetes, Sigues el primer a etiquetar aquest registre!
|
MARC
| LEADER | 00000nam a2200000 a 4500 | ||
|---|---|---|---|
| 001 | UCN1895 | ||
| 003 | CL-VaPUC | ||
| 008 | 010504e20000000MX |||||||||||||||||spa|d | ||
| 082 | 0 | 4 | |a 370.152 |b RAM |2 21 |
| 100 | 0 | |a Ramírez Vallejo, María de los Angeles |e author |9 457418 | |
| 245 | 1 | 0 | |a Gimnasia mental 6: actividades prácticas para liberar la Inteligencia creativa almacenada, primaria |
| 300 | |a 109 p | ||
| 942 | |c BK | ||
| 945 | |d 20010504 00:00:00 |a cmena | ||
| 260 | |a Ciudad de México |b Trillas |c 2000 | ||
| 650 | 0 | |a Cognición |9 270347 | |
| 650 | 0 | |a Psicología educacional |9 307830 | |
| 650 | 0 | |a Métodos de enseñanza |9 270413 | |
| 650 | 0 | |a Actividades educativas |9 308316 | |
| 583 | |a last modification |c 20010504 00:00:00 |k Rodrigo Vera | ||
| 999 | |c 295120 |d 295118 | ||
| 952 | |0 0 |1 0 |4 0 |6 370_152000000000000_RAM_2000 |7 0 |8 A |9 348052 |a BIBEDU |b BIBEDU |d 2019-11-20 |i 3717615 |l 1 |o 370.152 RAM 2000 |p 3717615 |r 2025-04-16 |s 2025-04-16 |w 2019-11-20 |y BK |k EPE | ||